000 00244nam a2200121Ia 4500
008 190216s9999||||xx |||||||||||||| ||und||
100 _aNull
245 0 _aHindi-Karfew
260 _bSage Pub
300 _a120
650 _aHindi
942 _cBK
999 _c15637
_d15637